000 00395nam a2200181Ia 4500
008 210210b1952 xxu||||| |||| 00| 0 eng d
041 _aeng
082 _a829/37
100 _aBACOHELLLI ( R)
245 _aMill on the po
260 _aLondon
_bHutchinson & Co
_c1952
650 _athe
650 _apo
650 _aon
650 _aMill
690 _aEnglish Fiction
906 _a016647
999 _c136294
_d136294